Chemical kinetics (Record no. 15004)

000 -LEADER
fixed length control field 00504nam a22001937a 4500
001 - CONTROL NUMBER
control field 15004
003 - CONTROL NUMBER IDENTIFIER
control field BD-DhUET
008 - FIXED-LENGTH DATA ELEMENTS--GENERAL INFORMATION
fixed length control field 150310b xxu||||| |||| 00| 0 eng d
040 ## - CATALOGING SOURCE
Original cataloging agency DLC
Transcribing agency DLC
Modifying agency BD-DhUET
082 ## - DEWEY DECIMAL CLASSIFICATION NUMBER
Classification number 541.394
Item number LAI/1965
100 ## - MAIN ENTRY--PERSONAL NAME
Personal name Laidler, Keith J.
245 ## - TITLE STATEMENT
Title Chemical kinetics
250 ## - EDITION STATEMENT
Edition statement 2nd ed.
260 ## - PUBLICATION, DISTRIBUTION, ETC. (IMPRINT)
Place of publication, distribution, etc. New Delhi
Name of publisher, distributor, etc. Tata McGraw-Hill
Date of publication, distribution, etc. 1965
300 ## - PHYSICAL DESCRIPTION
Extent viii,566p.
Other physical details illus.
504 ## - BIBLIOGRAPHY, ETC. NOTE
Bibliography, etc Includes bibliographies
650 #0 - SUBJECT ADDED ENTRY--TOPICAL TERM
Topical term or geographic name as entry element Kinetics : Reactions : Chemistry
942 ## - ADDED ENTRY ELEMENTS (KOHA)
Koha item type General Book
Holdings
Damaged status Source of classification or shelving scheme Price effective from Koha full call number Lost status Location (home branch) Shelving location Koha normalized classification for sorting Sublocation or collection (holding branch) Not for loan Piece designation (barcode) Copy number Date acquired Koha date last seen Withdrawn status Koha item type
  2015-03-10541.394/LAI/1965 Central Library, BUETCirculation section541_394000000000000_LAI_1965Central Library, BUET 3355912015-03-102015-03-10 General Book
  2015-03-14541.394/LAI/1965 Central Library, BUETCirculation section541_394000000000000_LAI_1965Central Library, BUET 5845822015-03-142015-03-14 General Book
  2015-03-14541.394/LAI/1965 Central Library, BUETCirculation section541_394000000000000_LAI_1965Central Library, BUET 5845432015-03-142025-11-29 General Book
  2015-03-14541.394/LAI/1965 Central Library, BUETCirculation section541_394000000000000_LAI_1965Central Library, BUET 5846042015-03-142015-03-14 General Book
  2015-03-14541.394/LAI/1965 Central Library, BUETCirculation section541_394000000000000_LAI_1965Central Library, BUET 2971852015-03-142015-03-14 General Book